Constitución de la Asociación / Asociación Técnica Española de Estudios Metalúrgicos (A.T.E.E.M.)
Descripción Física:
35 p. ; 21 cm
MARC
| LEADER | 00000nam a2200000Ia 4500 | ||
|---|---|---|---|
| 001 | 21894 | ||
| 003 | BGR | ||
| 005 | 20260410113702.0 | ||
| 008 | 160829s1943 xx 000 0 cat d | ||
| 080 | |a FU-45-73 | ||
| 110 | 2 | |a Asociación Técnica Española de Estudios Metalúrgicos (Barcelona) |9 70556 | |
| 245 | |a Constitución de la Asociación / Asociación Técnica Española de Estudios Metalúrgicos (A.T.E.E.M.) | ||
| 260 | |a [s.l.] : |b SADAG, |c 1943 | ||
| 300 | |a 35 p. ; |c 21 cm | ||
| 590 | |a Prové de 4548, exp. 66 | ||
| 610 | 2 | 0 | |a Asociación Técnica Española de Estudios Metalúrgicos (Barcelona) |9 70556 |
| 856 | 4 | |u https://media.diba.cat/diba/fitxers/arxiu/fulletons/bib_21894_1943_baixa.pdf |y Accés lliure | |
| 856 | 4 | |u https://media.diba.cat/diba/fitxers/arxiu/fulletons/bib_21894_1943_baixa.pdf |y Accés lliure | |
| 900 | |a bib_21894_1943_baixa.pdf | ||
| 901 | |a Arxiu | ||
| 942 | |n 1 |2 udc |c MON | ||
| 952 | |0 0 |1 0 |4 0 |6 FU4573 |7 1 |9 54250 |a Arxiu |b Arxiu |d 2016-12-01 |l 0 |o FU-45-73 |p 21894 |r 2016-12-01 00:00:00 |w 2016-12-01 |y ARXIU | ||
| 999 | |c 58119 |d 58119 | ||